Tilastot visalle L:llä alkavat Suomen entiset kunnat

Klikkaa tästä pelataksesi tätä visaa!

Yleistilastot

  • Tätä visaa on pelattu 108 kertaa
  • Keskiarvotulos 8 / 20

Vastaustilastot

MaakuntaKunta% Oikein
SatakuntaLuvia
68%
SatakuntaLavia
62%
Etelä-KarjalaLauritsala
60%
Etelä-KarjalaLappee
58%
SatakuntaLappi
56%
Kanta-HämeLammi
50%
PirkanmaaLuopioinen
46%
Keski-PohjanmaaLohtaja
40%
Varsinais-SuomiLemu
38%
UusimaaLiljendal
38%
PirkanmaaLängelmäki
34%
Etelä-PohjanmaaLehtimäki
34%
Keski-SuomiLeivonmäki
34%
Varsinais-SuomiLokalahti
32%
PohjanmaaLapväärtti
30%
Luovutettu alueLahdenpohja
24%
UusimaaLohjan maalaiskunta
16%
Luovutettu alueLumivaara
14%
Luovutettu alueLavansaari
12%
Varsinais-SuomiLoimaan maalaiskunta
12%

Tulosjakauma

Persentiili vastausten määrän mukaan

Jokaisen tuloksen saaneiden osuus

Tuloshistoriasi

Et ole pelannut tätä visaa